000 00668nam a2200205 4500
001 126822
003 ES-MaACL
005 20230906192904.0
007 t|
008 070214s1953 sp r ||||1| spa d
100 1 _aRewald, John.
_996477
245 1 0 _aCamilo Pissarro
_b: (1830-1903) /
_ctexto de John Rewald ; versión castellana de R. Santos Torroella.
260 _aBarcelona :
_bArgos,
_c1953.
300 _a9 h., 42 lám. :
_bil. ;
_c17 cm.
490 1 _aEl Libro de arte de bolsillo
700 1 _aSantos Torroella, Rafael.
_9103536
830 0 _aEl Libro de arte de bolsillo
_9183601
852 _aES-MaACL
_jC-11680
_bR.38700
999 _c126822
_d126822